[Event "AUTO-OPEN-3192"]
[Site "http://www.queenalice.com/game.php?id=1258015"]
[Date "2014.2.19"]
[Round "1"]
[White "valterbastos"]
[Black "Gera"]
[Result "0-1"]
[WhiteElo "1588"]
[BlackElo "1998"]

1. e4 c5 2. Nf3 a6 3. d4 cxd4 4. Nxd4 b5 5. Qf3 d6 6. c4 Qa5+ 7. Bd2 Qc7 8. Nc3
bxc4 9. Rc1 Nc6 10. Nd5 Qb7 11. Bxc4 Ne5 12. Qf4 e6 13. Nb4 Nf6 14. g4 Nxe4 15.
Bc3 Nxc4 16. f3 Nxc3 17. Rxc3 Qxb4 18. O-O d5 19. Re1 Qxb2 20. Rc2 Qb4 21. Rce2
Bc5 22. h4 Nb2 23. Rd1 Nxd1 24. Rd2 Nb2 25. g5 O-O 26. Kg2 Bb7 27. h5 e5 28.
Qxe5 Qxd2+ 29. Ne2 Rfe8 30. Qc3 Qxe2+ 31. Kg3 Qf2+ 32. Kg4 Bd6 33. Kf5 Bc8+ 34.
Qxc8 Qxf3# 0-1

[Event "AUTO-OPEN-3192"]
[Site "http://www.queenalice.com/game.php?id=1258016"]
[Date "2014.2.19"]
[Round "1"]
[White "Gera"]
[Black "valterbastos"]
[Result "1-0"]
[WhiteElo "1977"]
[BlackElo "1590"]

1. c4 e5 2. a3 Nc6 3. Nc3 g5 4. b4 Qf6 5. Rb1 Nh6 6. d3 a5 7. b5 Bc5 8. Ne4 Qf5
9. Nxc5 b6 10. Ne4 Ng4 11. bxc6 dxc6 12. Nf3 O-O 13. Bxg5 h6 14. Nh4 Qe6 15. Bd2
f5 16. Nc3 Qf6 17. g3 f4 18. Ne4 Qf7 19. Nf3 Bf5 20. Qc2 fxg3 21. fxg3 Rad8 22.
Bg2 Rd4 23. O-O h5 24. Nxe5 Nxe5 25. Qc3 c5 26. Be3 h4 27. Bxd4 cxd4 28. Qxd4
Nc6 29. Qc3 Qe7 30. Rf4 hxg3 31. hxg3 Ne5 32. Rh4 Ng6 33. Rh5 c6 34. Rxb6 Qc7
35. Qxa5 Qxg3 36. Nxg3 Bg4 37. Rg5 Bxe2 38. Nxe2 Rf6 39. Be4 c5 40. Rxf6 Kg7 41.
Rgxg6+ Kh7 42. Rg3+ Kh8 43. Qd8# 1-0

[Event "AUTO-INT-2810"]
[Site "http://www.queenalice.com/game.php?id=1258212"]
[Date "2014.2.19"]
[Round "1"]
[White "NickThorp"]
[Black "valterbastos"]
[Result "1-0"]
[WhiteElo "1715"]
[BlackElo "1570"]

1. e4 e5 2. Nf3 d6 3. Bc4 Nf6 4. d3 c6 5. Bg5 d5 6. exd5 cxd5 7. Bb5+ Bd7 8.
Bxd7+ Nbxd7 9. O-O h6 10. Bh4 g5 11. Bg3 h5 12. Nxg5 h4 13. Bxe5 Nxe5 14. Re1
Qd6 15. f4 Bh6 16. fxe5 Qxe5 17. Rxe5+ Kf8 18. Nf3 Rg8 19. Nxh4 Rd8 20. Qf3 Ng4
21. Nc3 Nxe5 22. Qf6 Re8 23. Qxh6+ Rg7 24. Qh8+ Rg8 25. Qh6+ Rg7 26. Nxd5 Ng4
27. Qd6+ Kg8 28. Nf6+ Nxf6 29. Qxf6 Rg4 30. Rf1 Rf8 31. Nf5 b5 32. Nh6+ Kh7 33.
Nxg4 Kg8 34. Rf5 Kh7 35. Qh6+ Kg8 36. Nf6# 1-0

[Event "AUTO-INT-2810"]
[Site "http://www.queenalice.com/game.php?id=1258213"]
[Date "2014.2.19"]
[Round "1"]
[White "valterbastos"]
[Black "NickThorp"]
[Result "1-0"]
[WhiteElo "1546"]
[BlackElo "1755"]

1. g4 d5 2. d4 Nc6 3. e3 Nf6 4. Nc3 e6 5. g5 Ne4 6. Nh3 Nxc3 7. bxc3 Be7 8. Qf3
Bxg5 9. e4 Bxc1 10. Rxc1 dxe4 11. Qxe4 O-O 12. Ng5 Qxg5 13. f4 Qg3+ 14. hxg3 g6
15. d5 exd5 16. Qxd5 Re8+ 17. Be2 Bg4 18. Rh2 Rad8 19. Qc4 Be6 20. Qb5 Bc8 21.
Kf1 a6 22. Qc4 Be6 23. Qe4 Bc4 24. Qxc4 Re6 25. Bg4 Red6 26. Re1 b5 27. Qc5 Ne7
28. Rxe7 c6 29. Rhe2 Kf8 30. Rd7 Rxd7 31. Bxd7 1-0

[Event "AUTO-INT-2810"]
[Site "http://www.queenalice.com/game.php?id=1258228"]
[Date "2014.2.19"]
[Round "1"]
[White "valterbastos"]
[Black "Rickritchee"]
[Result "0-1"]
[WhiteElo "1622"]
[BlackElo "1913"]

1. e4 c5 2. Bc4 Nf6 3. Qf3 e5 4. g4 h6 5. d3 Nc6 6. Nh3 Nd4 7. Qd1 d6 8. c3 Bxg4
9. Qd2 Nf3+ 10. Kd1 Nxd2+ 11. Kxd2 Bxh3 12. b4 cxb4 13. cxb4 Qb6 14. Kd1 Qd4 15.
Bb2 Qxb2 16. Bb5+ Kd8 17. Re1 Bg4+ 18. f3 Bxf3+ 19. Re2 Qxe2+ 20. Kc1 Rc8+ 21.
Bc4 Qxd3 22. Nd2 Qc3+ 23. Kb1 Qxd2 24. a4 Rxc4 25. Ra2 Qc1# 0-1

[Event "AUTO-INT-2810"]
[Site "http://www.queenalice.com/game.php?id=1258229"]
[Date "2014.2.19"]
[Round "1"]
[White "Rickritchee"]
[Black "valterbastos"]
[Result "1-0"]
[WhiteElo "1936"]
[BlackElo "1565"]

1. e4 e5 2. Nf3 Qf6 3. Bc4 g5 4. d4 exd4 5. Nxg5 Bc5 6. Qd3 Nc6 7. O-O Ne5 8.
Qb3 h6 9. Nh3 d6 10. Be2 Be6 11. Qxb7 Rd8 12. Nf4 Bc8 13. Qb3 Ne7 14. Na3 d5 15.
exd5 Rg8 16. Re1 d3 17. cxd3 Nxd5 18. Qb5+ c6 19. Qxc5 Be6 20. Nxe6 Qxe6 21. Bd2
Nd7 22. Qxa7 f5 23. Bh5+ Kf8 24. Rxe6 Nf4 25. Bxf4 c5 26. Bxh6+ Rg7 27. Bxg7+
Kxg7 28. Rd6 Kf8 29. Rxd7 Rxd7 30. Qxd7 f4 31. Qf7# 1-0

[Event "AUTO-INT-2859"]
[Site "http://www.queenalice.com/game.php?id=1284150"]
[Date "2014.5.26"]
[Round "1"]
[White "schrotti2"]
[Black "valterbastos"]
[Result "1-0"]
[WhiteElo "1636"]
[BlackElo "1535"]

1. c4 e5 2. e4 Nc6 3. d3 Nd4 4. a3 Nf6 5. h3 d6 6. Nf3 c5 7. Nxd4 cxd4 8. Be2 g6
9. O-O h5 10. f4 Bh6 11. fxe5 dxe5 12. Bxh6 Rxh6 13. Qa4+ Bd7 14. Qb4 a5 15. Qc5
Rc8 16. Qxe5+ Kf8 17. Qxf6 Qxf6 18. Rxf6 Kg7 19. Rd6 Be6 20. b4 g5 21. bxa5 g4
22. h4 g3 23. Rxd4 Rf6 24. Bxh5 b5 25. e5 Rf5 26. Bg4 Rf2 27. Bxe6 fxe6 28. Rg4+
Kf7 29. Rxg3 Rf5 30. Rf3 bxc4 31. dxc4 Rxc4 32. Rxf5+ exf5 33. g3 Rc2 34. a6
Rc1+ 35. Kg2 Rc2+ 36. Kf3 Ke6 37. a7 Rc8 38. Nd2 1-0

[Event "AUTO-INT-2859"]
[Site "http://www.queenalice.com/game.php?id=1284151"]
[Date "2014.5.26"]
[Round "1"]
[White "valterbastos"]
[Black "schrotti2"]
[Result "0-1"]
[WhiteElo "1548"]
[BlackElo "1627"]

1. e4 g6 2. d4 Bg7 3. Qf3 Bxd4 4. Bc4 Nf6 5. e5 Bxe5 6. Bf4 Bxb2 7. Bg5 Bxa1 8.
Nd2 d5 9. Bb3 Bg4 10. Qf4 Qd7 11. h3 Qe6+ 12. Qe3 Qxe3+ 13. Bxe3 O-O 14. hxg4
Nxg4 15. Bf4 c6 16. Ngf3 Nd7 17. Bh6 Bg7 18. Bxg7 Kxg7 19. Rh4 f5 20. Ng5 h5 21.
f3 Kh6 22. f4 e5 23. Ne6 exf4 24. c4 Rfe8 25. cxd5 Rac8 26. Nc4 cxd5 27. Ba4
Rxe6+ 28. Kd2 Rxc4 29. Bxd7 Re7 30. Bc8 Rxc8 31. a4 Re4 32. Rh3 Rcc4 33. a5 Ra4
34. Rc3 Ra2+ 35. Kd3 Ne5# 0-1

[Event "AUTO-INT-2859"]
[Site "http://www.queenalice.com/game.php?id=1284164"]
[Date "2014.5.26"]
[Round "1"]
[White "cucalegal"]
[Black "valterbastos"]
[Result "1-0"]
[WhiteElo "1668"]
[BlackElo "1606"]

1. e4 e5 2. Nf3 Bc5 3. g3 Nc6 4. c3 d5 5. d3 Bg4 6. Be2 dxe4 7. dxe4 Nf6 8. b4
Bd6 9. h3 Bxf3 10. Bxf3 O-O 11. a3 b5 12. a4 Rb8 13. O-O h6 14. a5 g5 15. Na3 h5
16. Bxh5 Nxe4 17. Qf3 f5 18. g4 Nf6 19. Qxc6 e4 20. Bxg5 1-0

[Event "AUTO-INT-2859"]
[Site "http://www.queenalice.com/game.php?id=1284165"]
[Date "2014.5.26"]
[Round "1"]
[White "valterbastos"]
[Black "cucalegal"]
[Result "0-1"]
[WhiteElo "1592"]
[BlackElo "1682"]

1. e4 e5 2. Nf3 f6 3. Nc3 c6 4. d4 d6 5. b4 d5 6. Bd3 dxe4 7. Nxe4 Bg4 8. Ba3 f5
9. h3 Bxf3 10. Qxf3 fxe4 11. Qxe4 Nf6 12. Qxe5+ Qe7 13. b5 Qxe5+ 14. dxe5 Bxa3
15. exf6 gxf6 16. O-O O-O 17. Rae1 Nd7 18. Re7 Bxe7 19. Re1 Ne5 0-1

[Event "AUTO-INT-2859"]
[Site "http://www.queenalice.com/game.php?id=1284175"]
[Date "2014.5.26"]
[Round "1"]
[White "oldfool"]
[Black "valterbastos"]
[Result "0-1"]
[WhiteElo "1503"]
[BlackElo "1610"]

1. d4 d5 2. Nc3 Nf6 3. Nf3 Nc6 4. Be3 Bf5 5. Qd2 Qd6 6. Bf4 Qb4 7. O-O-O Ne4 8.
Qe3 e5 9. dxe5 Bc5 10. Nd4 Bxd4 11. Qf3 Nxc3 12. a3 Qc5 13. bxc3 Bxc3 14. Qxd5
Qxa3+ 0-1

[Event "AUTO-OPEN-3260"]
[Site "http://www.queenalice.com/game.php?id=1284354"]
[Date "2014.5.27"]
[Round "1"]
[White "valterbastos"]
[Black "Paulsains"]
[Result "0-1"]
[WhiteElo "1550"]
[BlackElo "1923"]

1. Nf3 e6 2. e4 d5 3. d3 dxe4 4. dxe4 Qxd1+ 5. Kxd1 Bc5 6. Nc3 Bxf2 7. Bc4 Nf6
8. e5 Ng4 9. h3 Ne3+ 10. Ke2 Nxc2 11. Rb1 Bb6 12. Rd1 O-O 13. g4 Nc6 14. a3
N2d4+ 15. Kd3 Nxf3 16. Ne4 Ncxe5+ 17. Kc3 Bd7 18. Rd5 exd5 19. Bxd5 Bc6 20. Bxc6
Nxc6 21. b4 Bd4+ 22. Kb3 a5 23. bxa5 Rxa5 24. Ka2 Bb6 25. Rb3 Nfd4 26. Rd3 Nb4+
27. Ka1 Nxd3 28. Bb2 Nc2+ 29. Kb1 Nxa3+ 30. Ka2 Nc4+ 31. Kb3 Ncxb2 32. g5 Re8
33. Nc3 Rxg5 34. Kc2 Rh5 35. h4 Rxh4 36. Kb3 Rb4+ 37. Ka3 Ra8+ 38. Na4 Raxa4#
0-1

[Event "AUTO-OPEN-3260"]
[Site "http://www.queenalice.com/game.php?id=1284355"]
[Date "2014.5.27"]
[Round "1"]
[White "Paulsains"]
[Black "valterbastos"]
[Result "1-0"]
[WhiteElo "1963"]
[BlackElo "1523"]

1. e4 e5 2. Nf3 d6 3. Bc4 Be6 4. Bxe6 fxe6 5. O-O Nf6 6. d3 g6 7. Bg5 Nbd7 8.
Nc3 h6 9. Bxf6 Qxf6 10. a4 g5 11. h3 h5 12. Nh2 Bh6 13. Qxh5+ Qf7 14. Qxf7+ Kxf7
15. Ng4 Bg7 16. Ne2 d5 17. exd5 exd5 18. Rae1 Rh4 19. d4 exd4 20. Nxd4 Bxd4 21.
c3 Bb6 22. Ne5+ Nxe5 23. Rxe5 Re8 24. Rxg5 d4 25. cxd4 Bxd4 26. b3 Kf6 27. Rd5
Re2 28. Rd7 Rf4 29. Rxc7 Bxf2+ 30. Kh1 Ke5 31. Re7+ Kd4 32. Rxe2 Be3 33. Rxf4+
Bxf4 34. Re7 Kc3 35. Rxb7 a5 36. h4 Kd4 37. h5 Kc5 38. Rb5+ Kc6 39. Rxa5 Kb6 40.
Rf5 Be3 41. a5+ Ka6 42. g4 Kb7 43. g5 Ka6 44. h6 Bd4 45. Rf6+ 1-0

[Event "AUTO-OPEN-3260"]
[Site "http://www.queenalice.com/game.php?id=1284356"]
[Date "2014.5.27"]
[Round "1"]
[White "valterbastos"]
[Black "ArnoBlack"]
[Result "0-1"]
[WhiteElo "1618"]
[BlackElo "1861"]

1. Nc3 c6 2. d4 d5 3. e3 Nf6 4. Nf3 Ne4 5. b4 Nxc3 6. Qd3 Ne4 7. Ng5 Nxg5 8. f4
Ne4 9. c4 Bf5 10. cxd5 Qxd5 11. Ba3 Nf2 12. Qe2 Nxh1 13. g4 Be4 14. f5 f6 15.
Rc1 Bf3 16. Qd3 Qxa2 0-1

[Event "AUTO-OPEN-3260"]
[Site "http://www.queenalice.com/game.php?id=1284357"]
[Date "2014.5.27"]
[Round "1"]
[White "ArnoBlack"]
[Black "valterbastos"]
[Result "1-0"]
[WhiteElo "1867"]
[BlackElo "1612"]

1. d4 d5 2. b4 e6 3. Nf3 Bxb4+ 4. c3 Bd6 5. Ng5 f6 6. Nf3 g5 7. h3 h5 8. g3 c5
9. e3 cxd4 10. Nxd4 e5 11. Bb5+ Bd7 12. Ne6 Qe7 13. Qxd5 Bc6 14. Bxc6+ bxc6 15.
Ng7+ Kf8 16. Ne6+ Kf7 17. Nd8+ 1-0